Perspective of leadership 4.0 in the era of fourth industrial revolution (Record no. 5429)

MARC details
000 -CABECERA
campo de control de longitud fija 02966nam a22002417a 4500
003 - IDENTIFICADOR DEL NÚMERO DE CONTROL
campo de control OSt
005 - FECHA Y HORA DE LA ÚLTIMA TRANSACCIÓN
campo de control 20260511180931.0
008 - DATOS DE LONGITUD FIJA--INFORMACIÓN GENERAL
campo de control de longitud fija 260428b |||||||| |||| 00| 0 eng d
022 ## - NÚMERO INTERNACIONAL NORMALIZADO PARA PUBLICACIONES SERIADAS
Número Internacional Normalizado para Publicaciones Seriadas 2950-2764
040 ## - FUENTE DE LA CATALOGACIÓN
Centro catalogador/agencia de origen TBS
Lengua de catalogación EN
Centro/agencia transcriptor TBS
041 ## - CÓDIGO DE LENGUA
Código de lengua del texto/banda sonora o título independiente eng
100 ## - ENTRADA PRINCIPAL--NOMBRE DE PERSONA
Nombre de persona Haleem, Abid
9 (RLIN) 26966
Término indicativo de función/relación author
245 ## - MENCIÓN DE TÍTULO
Título Perspective of leadership 4.0 in the era of fourth industrial revolution
Resto del título : a comprehensive view
Mención de responsabilidad, etc. / Abid Haleem, Mohd Javaid, Ravi Pratap Singh.
260 ## - PUBLICACIÓN, DISTRIBUCIÓN, ETC.
Nombre del editor, distribuidor, etc. Journal of Industrial Safety,
Fecha de publicación, distribución, etc. 2024
490 ## - MENCIÓN DE SERIE
Mención de serie Journal of Industrial Safety
Designación de volumen o secuencia vol.1, (1)
520 ## - SUMARIO, ETC.
Sumario, etc. Leadership 4.0 focuses on leaders developing their digital transformation strategy and ensuring alignment with the organization’s business and development ambitions. This is accomplished by successfully displaying disruptive digital leadership characteristics, which include emotional and social intelligence abilities such as empathy and relationship management, cognitive preparedness, critical thinking, inventive thinking, agility, and resilience. Academics and consultants increasingly use Leadership 4.0 to describe the new leadership style required for the Fourth Industrial Revolution (Industry 4.0). It strategically addresses people’s concerns, which are crucial for the effective integration of Industry 4.0, and plays a significant and crucial role in integrating Industry 4.0 into modern workplaces. The primary purpose of this paper is to explore Leadership 4.0 and its needs. Several quality characteristics associated with Digital Leadership 4.0 are investigated, and two-dimensional style matrix presentations for Leadership 4.0 are briefed. Finally, this study identifies and addresses the role of Leadership 4.0 in upcoming industrial management systems. Because digital technologies now impact the entire business, advancing digital strategies requires strong leadership at all levels. With the increasing prevalence of digital transformation in the business sector and the intensification of the "battle for talent," organizations need to consider a more methodical approach to building a solid leadership pipeline with the capabilities required to lead in the digital era. They may place future leaders in positions that require them to go beyond their current competencies and skills to instruct and motivate them to promptly acquire new digital skills. In a new working setting, effectively managing the dynamic interactions between machines, technology, and people is essential for influential digital leaders. Leadership 4.0 is expected to foster an open and innovative culture that welcomes change and progress. This will encourage and inspire their teams to adapt to the ongoing changes in the market.
630 #0 - PUNTO DE ACCESO ADICIONAL DE MATERIA--TÍTULO UNIFORME
Título uniforme B2 PBT Regenerative Leadership (BiM)
9 (RLIN) 26902
650 #0 - PUNTO DE ACCESO ADICIONAL DE MATERIA--TÉRMINO DE MATERIA
Término de materia o nombre geográfico como elemento de entrada Industrial safety
9 (RLIN) 26969
700 ## - ENTRADA AGREGADA--NOMBRE PERSONAL
Nombre de persona Javaid, Mohd
9 (RLIN) 26967
Término indicativo de función/relación author
700 ## - ENTRADA AGREGADA--NOMBRE PERSONAL
Nombre de persona Singh, Ravi Pratap
9 (RLIN) 26968
Término indicativo de función/relación author
856 ## - LOCALIZACIÓN Y ACCESO ELECTRÓNICOS
Identificador Uniforme del Recurso <a href="https://doi.org/10.1016/j.jinse.2024.100006">https://doi.org/10.1016/j.jinse.2024.100006</a>
942 ## - ELEMENTOS DE ENTRADA AGREGADA (KOHA)
Fuente del sistema de clasificación o colocación Clasificación de Library of Congress
Holdings
Estado de retiro Estado de pérdida Fuente del sistema de clasificación o colocación Estado dañado No para préstamo Código de colección Biblioteca de origen Biblioteca actual Fecha de adquisición Total de préstamos Fecha visto por última vez Identificador Uniforme del Recurso Precio válido a partir de Tipo de ítem Koha
    Clasificación de Library of Congress     Core Textbooks TBS Barcelona TBS Barcelona 11/05/2026   11/05/2026 https://doi.org/10.1016/j.jinse.2024.100006 11/05/2026 Academic Article

Powered by Koha